| 000 | 00832cam a2200301 4500 | ||
|---|---|---|---|
| 001 | M85958 | ||
| 008 | 090401t1996 xxu||||| |||| 00| 0 eng d | ||
| 020 | _a090216743X | ||
| 035 | _a(Sirsi) u80375 | ||
| 041 | _aeng | ||
| 050 | _a693.82 | ||
| 110 |
_aLoss Prevention Council _91863 |
||
| 245 | _aGuide to building fire protection. | ||
| 260 |
_bLoss Prevention Council _c1996 |
||
| 300 | _a132p. : ill. ; 21cm. | ||
| 350 | _a14.38 | ||
| 490 |
_aLibrary of Fire Safety _v3 |
||
| 650 | _aBUILT ENVIRONMENT-CONSTRUCTION DESIGN | ||
| 650 | _aFIRE ALARMS | ||
| 650 | _aFIRE APPLIANCES | ||
| 650 | _aFIRE HAZARDS | ||
| 650 | _aFIRE PROTECTION | ||
| 650 | _aMEANS OF ESCAPE | ||
| 690 | _aBUILT ENVIRONMENT-BUILDING STANDARDS-FIRE REGULATIONS | ||
| 700 |
_aJackson, Lynn _xEditor |
||
| 942 | _n0 | ||
| 948 | _c20/08/1997 | ||
| 999 |
_c96613 _d96613 |
||